| 000 | 00587nam a2200181Ia 4500 | ||
|---|---|---|---|
| 008 | 170510s9999 xx 000 0 und d | ||
| 100 | _aWendi Bellar | ||
| 245 | _a Private practice: Using digital diaries and interviews to understand evangelical Christians’ choice and use of religious mobile applications | ||
| 245 | _cWendi Bellar | ||
| 260 | _bSAGE | ||
| 260 | _c2017 | ||
| 300 | _apages 111-125,January | ||
| 440 |
_aNew Media & Society _v19:1 |
||
| 650 | _aDigital diaries | ||
| 650 | _aDigital religion | ||
| 650 | _aEvangelical Christians | ||
| 650 | _aMobile audiences | ||
| 999 |
_c329848 _d329848 |
||